000
00197nam a2200109Ia 4500
100
_a
#N/A
942
_c
BK
654
_a
fedora
245
_a
Fedora Core 3 DVD
260
_b
#N/A
546
_a
ENGLISH
999
_c
34995
_d
34995